Names of Unnamed Elements - Statistics

General Stats
  • This quiz has been taken 21 times
    20 since last reset
  • The average score is 10 of 26
Answer Stats
number symbol element % Correct
starting
100%
118 Uuo ununoctium
69%
115 Uup ununpentium
69%
117 Uus ununseptium
69%
113 Uut ununtrium
69%
122 Ubb unbibium
38%
123 Ubt unbitrium
38%
165 Uhp unhexpentium
38%
119 Uue ununennium
38%
126 Ubh unbihexium
31%
128 Ubo unbioctium
31%
125 Ubp unbipentium
31%
127 Ubs unbiseptium
31%
121 Ubu unbiunium
31%
181 Uou unoctunium
31%
159 Upe unpentennium
31%
143 Uqt unquadtrium
31%
222 Bbb bibibium
25%
216 Buh biunhexium
25%
129 Ube unbiennium
25%
120 Ubn unbinilium
25%
124 Ubq unbiquadium
25%
199 Uee unennennium
25%
170 Usn unseptnilium
25%
130 Utn untrinilium
25%
203 Bnt biniltrium
13%
No matching quizzes found
Score Distribution
Percent of People with Each Score
Percentile by Number Answered
Your Score History
You have not taken this quiz since the last reset